[Event "CAN-op"]
[Site "Edmonton CAN"]
[Date "2005.07.10"]
[Round "3.103"]
[White "Taylor, Matthew"]
[Black "O'Brien, Sandy"]
[Result "0-1"]
[WhiteElo "999"]
[BlackElo "1392"]
[PlyCount "94"]
[GameId "2160767910901561"]
[EventDate "2005.07.09"]
[EventType "swiss"]
[EventRounds "10"]
[EventCountry "CAN"]

1. e4 e5 2. Nf3 Nc6 3. Bc4 Nf6 4. d3 d5 5. Bxd5 Nxd5 6. Na3 Nf6 7. Bd2 Bxa3 8. bxa3 O-O 9. c4 Bg4 10. a4 Nd4 11. Qb1 b6 12. Nxe5 Bd7 13. Qd1 Re8 14. Bf4 Nc6 15. Nf3 Bg4 16. Qb3 Bxf3 17. gxf3 Nd4 18. Qd1 Nh5 19. Bg3 Nxg3 20. fxg3 f5 21. h4 fxe4 22. dxe4 Nc6 23. O-O Qxd1 24. Rfxd1 Rad8 25. Re1 Rd3 26. Rac1 Rxf3 27. Kg2 Ra3 28. Rc3 Rxc3 29. g4 Rxc4 30. Re2 Rxa4 31. h5 Rexe4 32. Rf2 Rxg4+ 33. Kf1 Rh4 34. a3 Rxa3 35. Ke2 Ra2+ 36. Kf3 Rxf2+ 37. Kxf2 a5 38. Ke2 Rc4 39. Kd3 Rc5 40. Kd2 a4 41. Ke3 a3 42. Kf4 a2 43. Ke4 a1=Q 44. Kf3 Rc4 45. Kf2 Qa3 46. h6 Rc2+ 47. Ke1 Qa1# 0-1

[Event "CAN-op"]
[Site "Edmonton CAN"]
[Date "2005.07.10"]
[Round "3.104"]
[White "Pradzinski, Stephanie"]
[Black "Meller, Kenneth"]
[Result "0-1"]
[WhiteElo "867"]
[BlackElo "1367"]
[PlyCount "58"]
[GameId "2160767910901562"]
[EventDate "2005.07.09"]
[EventType "swiss"]
[EventRounds "10"]
[EventCountry "CAN"]

1. e4 e5 2. Nf3 d6 3. Bc4 Qe7 4. Nc3 Be6 5. d3 Bxc4 6. dxc4 h6 7. g3 Nc6 8. h4 O-O-O 9. O-O Rd7 10. Qe2 Qe6 11. Be3 f6 12. Rad1 Be7 13. Nh2 g5 14. hxg5 hxg5 15. f4 gxf4 16. gxf4 f5 17. b3 Bh4 18. Bf2 Rg7+ 19. Kh1 Bg3 20. Bxg3 Rxg3 21. Rg1 Rxc3 22. Rg2 Nf6 23. exf5 Qxf5 24. Qf2 exf4 25. Rdg1 Nd4 26. Qe1 Nf3 27. Qxc3 Qh3 28. Rf1 Qxh2+ 29. Rxh2 Rxh2# 0-1

[Event "CAN-op"]
[Site "Edmonton CAN"]
[Date "2005.07.10"]
[Round "3.116"]
[White "Boot, Steven"]
[Black "Miller, Mike"]
[Result "0-1"]
[WhiteElo "1382"]
[BlackElo "1661"]
[PlyCount "82"]
[GameId "2160767910901563"]
[EventDate "2005.07.09"]
[EventType "swiss"]
[EventRounds "10"]
[EventCountry "CAN"]

1. e4 c6 2. d4 d5 3. e5 Bf5 4. Ne2 e6 5. Ng3 Bg6 6. Bd3 Bxd3 7. Qxd3 c5 8. c3 Nc6 9. Be3 Qb6 10. b3 cxd4 11. cxd4 Nge7 12. O-O Nb4 13. Qd1 Rc8 14. a3 Nc2 15. Nd2 Nxa1 16. Qxa1 Rc2 17. b4 Qc6 18. Ne2 Qc8 19. f4 Nf5 20. Kf2 Be7 21. Qb1 b6 22. Qb3 O-O 23. g4 Nxe3 24. Qxe3 f5 25. g5 Qc6 26. h4 Rc8 27. h5 a5 28. bxa5 bxa5 29. Nf3 Qc3 30. Qxc3 R8xc3 31. Ne1 Ra2 32. Nf3 Bxa3 33. Rb1 Bb4 34. Ne1 Rc4 35. Nf3 Rcc2 36. Nfg1 Rab2 37. Rd1 a4 38. Ke3 a3 39. Kd3 Rd2+ 40. Rxd2 Rxd2+ 41. Ke3 a2 0-1

[Event "CAN-op"]
[Site "Edmonton CAN"]
[Date "2005.07.11"]
[Round "4"]
[White "Asquith, Tom"]
[Black "Geley, Shawn"]
[Result "1-0"]
[WhiteElo "1789"]
[BlackElo "1522"]
[PlyCount "91"]
[GameId "2160767910901564"]
[EventDate "2005.07.09"]
[EventType "swiss"]
[EventRounds "10"]
[EventCountry "CAN"]
[SourceTitle "CBM 107 Extra"]
[Source "ChessBase"]
[SourceDate "2005.09.01"]
[SourceVersion "1"]
[SourceVersionDate "2005.09.01"]
[SourceQuality "1"]

1. c4 g6 2. g3 Bg7 3. Bg2 d6 4. Nc3 e5 5. e4 Ne7 6. Nge2 O-O 7. O-O Nbc6 8. a3 Be6 9. d3 Qd7 10. Be3 Bh3 11. Nd5 Bxg2 12. Kxg2 Nd8 13. b4 f5 14. Rc1 c6 15. Ndc3 Ne6 16. f4 exf4 17. Nxf4 Ng5 18. Nxg6 Nxg6 19. Bxg5 fxe4 20. Nxe4 Qe6 21. Qd2 Ne5 22. Rce1 Rae8 23. Qd1 Rxf1 24. Rxf1 Nxc4 25. Re1 Ne5 26. d4 d5 27. Nc5 Qf5 28. Bf4 b6 29. Nb3 Re6 30. dxe5 Rg6 31. Qd2 h5 32. b5 c5 33. Qxd5+ Kh7 34. Qe4 Qe6 35. Nd2 h4 36. Nf3 h3+ 37. Kg1 Qa2 38. Re2 Qa1+ 39. Kf2 Bh6 40. Bxh6 Kxh6 41. Qh4+ Kg7 42. Qe7+ Kh6 43. e6 Rf6 44. Qd8 Qc3 45. Qd2+ Qxd2 46. Rxd2 1-0

[Event "CAN-op"]
[Site "Edmonton CAN"]
[Date "2005.07.11"]
[Round "4"]
[White "Baser, Arthur"]
[Black "Pradzinski, Tim"]
[Result "1/2-1/2"]
[WhiteElo "1560"]
[BlackElo "1894"]
[PlyCount "92"]
[GameId "2160767910901565"]
[EventDate "2005.07.09"]
[EventType "swiss"]
[EventRounds "10"]
[EventCountry "CAN"]
[SourceTitle "CBM 107 Extra"]
[Source "ChessBase"]
[SourceDate "2005.09.01"]
[SourceVersion "1"]
[SourceVersionDate "2005.09.01"]
[SourceQuality "1"]

1. e4 c5 2. Nf3 d6 3. d4 cxd4 4. Nxd4 Nf6 5. Nc3 a6 6. Bg5 e6 7. f4 Be7 8. Qf3 Qc7 9. O-O-O Nbd7 10. Bd3 b5 11. Rhe1 Bb7 12. Qg3 b4 13. Nd5 Nxd5 14. exd5 Bxd5 15. Bxe7 Kxe7 16. Qxg7 Raf8 17. Qg5+ Nf6 18. Nf5+ Kd7 19. Qxf6 a5 20. Qe7+ Kc6 21. Bb5+ Kb6 22. Qxd6+ Qxd6 23. Nxd6 Kc5 24. c3 bxc3 25. bxc3 Kxd6 26. c4 Rc8 27. Kb2 Kc5 28. cxd5 Kxb5 29. dxe6 fxe6 30. Rxe6 Rc5 31. Re5 Rb8 32. Ka3 Rxe5 33. fxe5 Kc4 34. e6 Re8 35. Re1 Re7 36. g3 a4 37. h4 h5 38. Kb2 Kd3 39. Re5 Kd4 40. Re1 Kd3 41. a3 Rb7+ 42. Ka2 Re7 43. Re5 Kd4 44. Rxh5 Rxe6 45. g4 Re4 46. g5 Kc3 1/2-1/2

[Event "CAN-op"]
[Site "Edmonton CAN"]
[Date "2005.07.11"]
[Round "4"]
[White "Belleau, David"]
[Black "Barclay, Wayne"]
[Result "0-1"]
[WhiteElo "1911"]
[BlackElo "2243"]
[PlyCount "100"]
[GameId "2160767910901566"]
[EventDate "2005.07.09"]
[EventType "swiss"]
[EventRounds "10"]
[EventCountry "CAN"]
[SourceTitle "CBM 107 Extra"]
[Source "ChessBase"]
[SourceDate "2005.09.01"]
[SourceVersion "1"]
[SourceVersionDate "2005.09.01"]
[SourceQuality "1"]

1. e4 e6 2. d4 d5 3. e5 c5 4. c3 Qb6 5. Nf3 Nc6 6. Bd3 Bd7 7. dxc5 Bxc5 8. O-O a5 9. a4 Nge7 10. Qe2 Ng6 11. Na3 O-O 12. Nb5 f6 13. exf6 gxf6 14. Bh6 Rf7 15. Rad1 Nce7 16. b4 axb4 17. cxb4 Bxb4 18. Be3 Qa5 19. Nfd4 e5 20. Nb3 Qd8 21. Bxg6 hxg6 22. f4 e4 23. Kh1 Rh7 24. Nc5 Nf5 25. Kg1 Bxb5 26. Qxb5 Nxe3 27. Qxb4 Nxf1 28. Rxf1 Qe7 29. Qd4 Rd8 30. Rb1 Rf7 31. Rxb7 Qxc5 32. Qxc5 Rxb7 33. Qd4 Kh7 34. a5 Rc7 35. a6 Rdd7 36. g4 Rc4 37. Qb6 Rc1+ 38. Kf2 d4 39. a7 e3+ 40. Kf3 Rf1+ 41. Ke2 Ra1 42. g5 fxg5 43. a8=Q Rxa8 44. fxg5 Kg7 45. Qf6+ Kh7 46. Qe6 Raa7 47. Kd3 Re7 48. Qh3+ Kg8 49. Qc8+ Kg7 50. Qc5 Rad7 0-1

[Event "CAN-op"]
[Site "Edmonton CAN"]
[Date "2005.07.11"]
[Round "4"]
[White "Blum, Roger"]
[Black "Steininger, Gavin"]
[Result "0-1"]
[WhiteElo "1618"]
[BlackElo "2011"]
[PlyCount "50"]
[GameId "2160767910901567"]
[EventDate "2005.07.09"]
[EventType "swiss"]
[EventRounds "10"]
[EventCountry "CAN"]
[SourceTitle "CBM 107 Extra"]
[Source "ChessBase"]
[SourceDate "2005.09.01"]
[SourceVersion "1"]
[SourceVersionDate "2005.09.01"]
[SourceQuality "1"]

1. e4 c5 2. Nf3 Nc6 3. d4 cxd4 4. Nxd4 g6 5. c4 Bg7 6. Be3 Nf6 7. Nc3 Ng4 8. Be2 Nxe3 9. fxe3 O-O 10. O-O d6 11. Qd2 Bd7 12. Rf2 Rc8 13. h3 Ne5 14. b3 Bh6 15. Rd1 Bc6 16. Kh1 Bd7 17. Kh2 Re8 18. Nf3 Nc6 19. e5 Be6 20. exd6 exd6 21. Nb5 Bf5 22. Qb2 Bxe3 23. Nxd6 Bxf2 24. Nxf5 Qc7+ 25. Nd6 Bc5 0-1

[Event "CAN-op"]
[Site "Edmonton CAN"]
[Date "2005.07.11"]
[Round "4"]
[White "Booth, Kevin"]
[Black "Gauer, Kai"]
[Result "1-0"]
[WhiteElo "1347"]
[BlackElo "1132"]
[PlyCount "149"]
[GameId "2160767910901570"]
[EventDate "2005.07.09"]
[EventType "swiss"]
[EventRounds "10"]
[EventCountry "CAN"]
[SourceTitle "CBM 107 Extra"]
[Source "ChessBase"]
[SourceDate "2005.09.01"]
[SourceVersion "1"]
[SourceVersionDate "2005.09.01"]
[SourceQuality "1"]

1. e4 d6 2. d4 a6 3. Nc3 b5 4. a3 Nd7 5. Nf3 Ndf6 6. Be2 Bg4 7. Ng5 h5 8. h3 Bd7 9. Nf3 g6 10. e5 Nh7 11. Be3 c6 12. exd6 e6 13. Bf4 g5 14. Bh2 f5 15. Qd2 Nh6 16. Be5 Rg8 17. Nh2 h4 18. Bh5+ Nf7 19. Bxf7+ Kxf7 20. Qe2 Be8 21. Qh5+ Rg6 22. Qxh7+ Bg7 23. Bxg7 Rxg7 24. Qh5+ Kf6 25. Qf3 Kg6 26. O-O-O Qxd6 27. g3 hxg3 28. fxg3 Rb8 29. Nb1 Rh7 30. h4 g4 31. Qf4 Qxf4+ 32. gxf4 Rxh4 33. Nf3 Rxh1 34. Ne5+ Kg7 35. Rxh1 Rd8 36. Rd1 Bh5 37. Nxc6 Rg8 38. Rg1 Kf6 39. Rg3 Be8 40. Ne5 Rh8 41. Nc3 Rh1+ 42. Kd2 Bh5 43. Ne2 Rh2 44. Re3 g3 45. Kd3 Bxe2+ 46. Rxe2 Kg7 47. Nf3 g2 48. Ng1 Kf6 49. Ke3 Ke7 50. Kf3 Kd6 51. Rxg2 Rxg2 52. Kxg2 Kd5 53. Ne2 Ke4 54. Kf2 a5 55. b3 b4 56. a4 Kd5 57. Ke3 Kc6 58. Ng3 Kd6 59. Kd3 Kd5 60. Ne2 Kc6 61. Kc4 Kb6 62. d5 exd5+ 63. Kxd5 Kc7 64. Nd4 Kd7 65. Nxf5 Ke8 66. Nd4 Kf7 67. Nc6 Kf6 68. Nxa5 Kf5 69. Nc4 Kxf4 70. a5 Kf3 71. a6 Ke2 72. a7 Kd1 73. a8=Q Kxc2 74. Qa2+ Kd3 75. Qd2# 1-0

[Event "CAN-op"]
[Site "Edmonton CAN"]
[Date "2005.07.11"]
[Round "4"]
[White "Breel, Kevin"]
[Black "Baser, John"]
[Result "0-1"]
[WhiteElo "1544"]
[BlackElo "1815"]
[PlyCount "46"]
[GameId "2160767910901571"]
[EventDate "2005.07.09"]
[EventType "swiss"]
[EventRounds "10"]
[EventCountry "CAN"]
[SourceTitle "CBM 107 Extra"]
[Source "ChessBase"]
[SourceDate "2005.09.01"]
[SourceVersion "1"]
[SourceVersionDate "2005.09.01"]
[SourceQuality "1"]

1. d4 Nf6 2. c4 e6 3. Nc3 c5 4. d5 exd5 5. cxd5 d6 6. e4 g6 7. h3 Bg7 8. Bd3 O-O 9. Nf3 Na6 10. O-O Re8 11. Re1 Nc7 12. Bf4 a6 13. a4 Rb8 14. a5 b5 15. axb6 Rxb6 16. Qc2 Bd7 17. Nd2 Nh5 18. Nc4 Nxf4 19. Nxb6 Bxh3 20. g3 Qg5 21. Kh2 Bg4 22. Kg1 Qh5 23. f3 Bd4+ 0-1

[Event "CAN-op"]
[Site "Edmonton CAN"]
[Date "2005.07.11"]
[Round "4"]
[White "Brown, Grant"]
[Black "Pivovarov, Juraj"]
[Result "1-0"]
[WhiteElo "1980"]
[BlackElo "1615"]
[PlyCount "81"]
[GameId "2160767910901572"]
[EventDate "2005.07.09"]
[EventType "swiss"]
[EventRounds "10"]
[EventCountry "CAN"]
[SourceTitle "CBM 107 Extra"]
[Source "ChessBase"]
[SourceDate "2005.09.01"]
[SourceVersion "1"]
[SourceVersionDate "2005.09.01"]
[SourceQuality "1"]

1. e4 d6 2. b3 e5 3. Bb2 Nf6 4. d3 g6 5. Be2 Bg7 6. Nc3 Be6 7. Nf3 Nh5 8. g3 Nc6 9. Nd5 Bxd5 10. exd5 Ne7 11. c4 h6 12. d4 exd4 13. Bxd4 Nf5 14. Bxg7 Nfxg7 15. Qd2 Qf6 16. O-O g5 17. Qb4 b6 18. Qb5+ Kf8 19. Qc6 Re8 20. Rae1 Qd8 21. Nd4 Nf6 22. Qa4 a5 23. Bd3 Qd7 24. Qxd7 Nxd7 25. Nb5 Rxe1 26. Rxe1 Ne5 27. Be4 f5 28. Bg2 Ne8 29. Nd4 Ng7 30. Rf1 Kf7 31. f4 gxf4 32. Rxf4 Kg6 33. Bh3 Rf8 34. g4 Kg5 35. Rxf5+ Nxf5 36. Ne6+ Kh4 37. Nxf8 Kxh3 38. gxf5 Nf3+ 39. Kf2 Nxh2 40. Ne6 Kg4 41. f6 1-0

[Event "CAN-op"]
[Site "Edmonton CAN"]
[Date "2005.07.11"]
[Round "4"]
[White "Camphaug, Lincoln"]
[Black "Campbell, Brett"]
[Result "0-1"]
[WhiteElo "1602"]
[BlackElo "2250"]
[PlyCount "38"]
[GameId "2160767910901573"]
[EventDate "2005.07.09"]
[EventType "swiss"]
[EventRounds "10"]
[EventCountry "CAN"]
[SourceTitle "CBM 107 Extra"]
[Source "ChessBase"]
[SourceDate "2005.09.01"]
[SourceVersion "1"]
[SourceVersionDate "2005.09.01"]
[SourceQuality "1"]

1. e4 g6 2. d4 Bg7 3. c3 d6 4. Nf3 Nf6 5. e5 dxe5 6. Nxe5 O-O 7. Bc4 c5 8. Qb3 e6 9. Be3 Nd5 10. Nf3 Nxe3 11. fxe3 Bh6 12. e4 cxd4 13. cxd4 Nc6 14. Qc3 Bg7 15. e5 Nxd4 16. O-O Nxf3+ 17. Rxf3 Bd7 18. Bb3 Qg5 19. Qe3 Qxe5 0-1

[Event "CAN-op"]
[Site "Edmonton CAN"]
[Date "2005.07.11"]
[Round "4"]
[White "Chi, Jonathan"]
[Black "Fairbairn, Stephen"]
[Result "1-0"]
[WhiteElo "1744"]
[BlackElo "2022"]
[PlyCount "105"]
[GameId "2160767910901574"]
[EventDate "2005.07.09"]
[EventType "swiss"]
[EventRounds "10"]
[EventCountry "CAN"]
[SourceTitle "CBM 107 Extra"]
[Source "ChessBase"]
[SourceDate "2005.09.01"]
[SourceVersion "1"]
[SourceVersionDate "2005.09.01"]
[SourceQuality "1"]

1. d4 g6 2. c4 d6 3. Nc3 Bg7 4. e4 Nc6 5. Nf3 Bg4 6. Be3 e5 7. d5 Nce7 8. Be2 Bxf3 9. gxf3 Qd7 10. Qb3 b6 11. h4 Nf6 12. f4 exf4 13. Bxf4 h5 14. O-O-O Kf8 15. Qc2 Ng4 16. Bg3 a6 17. Rde1 Re8 18. f3 Ne5 19. f4 Ng4 20. Bf3 Kg8 21. Nd1 Kh7 22. Qe2 Nh6 23. Nf2 Nef5 24. Rhg1 Nd4 25. Qd3 Nxf3 26. Qxf3 Qa4 27. Qb3 Qxb3 28. axb3 a5 29. e5 Nf5 30. Nd3 Rhf8 31. Bf2 Bh6 32. Kc2 Bg7 33. Re4 Bf6 34. Rge1 Bd8 35. Rh1 Kg8 36. b4 axb4 37. Nxb4 Bf6 38. Nc6 Bg7 39. Ra1 dxe5 40. fxe5 Nd6 41. Ree1 Nxc4 42. Bg3 Ra8 43. Rxa8 Rxa8 44. d6 cxd6 45. exd6 Nxd6 46. Ne7+ Kh7 47. Bxd6 Ra4 48. b4 Bf6 49. Re4 Ra2+ 50. Kd3 Bxe7 51. Bxe7 Kg7 52. Kc4 f5 53. Rf4 1-0

[Event "CAN-op"]
[Site "Edmonton CAN"]
[Date "2005.07.11"]
[Round "4"]
[White "Chi, Megan"]
[Black "Stark, Mark"]
[Result "1/2-1/2"]
[WhiteElo "1502"]
[BlackElo "1832"]
[PlyCount "82"]
[GameId "2160767910901575"]
[EventDate "2005.07.09"]
[EventType "swiss"]
[EventRounds "10"]
[EventCountry "CAN"]
[SourceTitle "CBM 107 Extra"]
[Source "ChessBase"]
[SourceDate "2005.09.01"]
[SourceVersion "1"]
[SourceVersionDate "2005.09.01"]
[SourceQuality "1"]

1. d4 Nf6 2. c4 e6 3. Nc3 Bb4 4. Bd2 O-O 5. Nf3 d5 6. e3 c6 7. Bd3 Nbd7 8. O-O dxc4 9. Bxc4 b5 10. Be2 a6 11. a3 Bxc3 12. Bxc3 Ne4 13. Bb4 Re8 14. Qc2 f5 15. Qxc6 Rb8 16. Qc2 Bb7 17. Rac1 Rc8 18. Qd1 Qf6 19. Bd3 Ng5 20. Be2 Qg6 21. Nxg5 Qxg5 22. g3 Nf6 23. Rxc8 Rxc8 24. Bf3 Nd5 25. Bc5 h6 26. Bg2 Rc7 27. Qd2 Rd7 28. Rd1 Qd8 29. b4 Qa8 30. Rc1 Kh7 31. Qc2 Rc7 32. Qd2 Rc8 33. Qb2 Qb8 34. Qb3 Qc7 35. Qb1 Qc6 36. Re1 Kg8 37. Qb2 Rc7 38. Qb3 Kf7 39. Bxd5 Qxd5 40. Qxd5 Bxd5 41. h3 Bf3 1/2-1/2

[Event "CAN-op"]
[Site "Edmonton CAN"]
[Date "2005.07.11"]
[Round "4"]
[White "Culjaga, Marko"]
[Black "Deimert, Elroy"]
[Result "1-0"]
[WhiteElo "1435"]
[BlackElo "1666"]
[PlyCount "94"]
[GameId "2160767910901576"]
[EventDate "2005.07.09"]
[EventType "swiss"]
[EventRounds "10"]
[EventCountry "CAN"]
[SourceTitle "CBM 107 Extra"]
[Source "ChessBase"]
[SourceDate "2005.09.01"]
[SourceVersion "1"]
[SourceVersionDate "2005.09.01"]
[SourceQuality "1"]

1. e4 c5 2. Nf3 Nc6 3. d4 cxd4 4. Nxd4 Nf6 5. Nc3 g6 6. Bc4 d6 7. O-O Bg7 8. Be3 Ng4 9. Nxc6 bxc6 10. Qd2 O-O 11. h3 Ne5 12. Bb3 Bxh3 13. f4 Bxg2 14. Qxg2 Nd7 15. f5 Ne5 16. fxg6 Nxg6 17. Qh3 c5 18. Rf2 Qc8 19. Qh5 c4 20. Rh2 Rd8 21. Qxh7+ Kf8 22. Rf1 Ne5 23. Bh6 Ke8 24. Ba4+ Nc6 25. Qxg7 Kd7 26. Rxf7 Kc7 27. Rg2 Kb7 28. Bxc6+ Qxc6 29. Rxe7+ Ka6 30. Qd4 Rab8 31. Rgg7 Qb6 32. Qxb6+ axb6 33. Rd7 Rg8 34. Rxd6 Rxg7+ 35. Bxg7 Rg8 36. Rd7 b5 37. Kf2 b4 38. Nd5 Kb5 39. Rc7 Re8 40. e5 Rd8 41. e6 Rxd5 42. e7 Rd2+ 43. Ke3 c3 44. e8=Q+ Ka5 45. Qb8 Rd6 46. Ra7+ Ra6 47. Qc7+ Kb5 1-0

[Event "CAN-op"]
[Site "Edmonton CAN"]
[Date "2005.07.11"]
[Round "4"]
[White "Culjaga, Nikolai"]
[Black "Huber, Gregory"]
[Result "0-1"]
[WhiteElo "1927"]
[BlackElo "2310"]
[PlyCount "112"]
[GameId "2160767910901577"]
[EventDate "2005.07.09"]
[EventType "swiss"]
[EventRounds "10"]
[EventCountry "CAN"]
[SourceTitle "CBM 107 Extra"]
[Source "ChessBase"]
[SourceDate "2005.09.01"]
[SourceVersion "1"]
[SourceVersionDate "2005.09.01"]
[SourceQuality "1"]

1. e4 c5 2. Nf3 d6 3. d4 cxd4 4. Nxd4 Nf6 5. Nc3 a6 6. Bc4 e6 7. Bb3 b5 8. a3 Bb7 9. Bg5 Nbd7 10. O-O Rc8 11. f4 Qb6 12. Kh1 Be7 13. Nxe6 fxe6 14. Bxe6 Rc7 15. f5 h5 16. Qe2 Ng4 17. Bxe7 Kxe7 18. Bxd7 Kxd7 19. Rf4 Qe3 20. Rxg4 Qxe2 21. Rxg7+ Kd8 22. Rxc7 Qxc2 23. Rxb7 Qxb2 24. Rd1 Qxc3 25. Rb6 Rh6 26. Rxa6 Qc2 27. Re1 Kc7 28. Ra8 Kb7 29. Re8 Qc3 30. Rb1 Qd3 31. Ra1 Qc3 32. Rb1 Qd3 33. Ra1 Kb6 34. h3 h4 35. Kh2 Qg3+ 36. Kh1 Qd3 37. Kh2 Rf6 38. Kh1 Qc3 39. Rb1 Qd3 40. Rb8+ Kc5 41. Rc8+ Kd4 42. Rb4+ Ke3 43. Rb8 Rf7 44. R8xb5 Qf1+ 45. Kh2 Rc7 46. Rb3+ Kxe4 47. R3b4+ Ke3 48. Rb3+ Kd4 49. R3b4+ Rc4 50. Rxc4+ Kxc4 51. Rb4+ Kc5 52. Rxh4 Qxf5 53. Rg4 d5 54. Ra4 Qe5+ 55. Kh1 Qe1+ 56. Kh2 d4 0-1

[Event "CAN-op"]
[Site "Edmonton CAN"]
[Date "2005.07.11"]
[Round "4"]
[White "Daniluk, Jim"]
[Black "Mackey, John"]
[Result "1-0"]
[WhiteElo "1969"]
[BlackElo "1720"]
[PlyCount "83"]
[GameId "2160767910901578"]
[EventDate "2005.07.09"]
[EventType "swiss"]
[EventRounds "10"]
[EventCountry "CAN"]
[SourceTitle "CBM 107 Extra"]
[Source "ChessBase"]
[SourceDate "2005.09.01"]
[SourceVersion "1"]
[SourceVersionDate "2005.09.01"]
[SourceQuality "1"]

1. d4 d5 2. e3 Bf5 3. c4 c6 4. Nc3 Nf6 5. Qb3 Qb6 6. c5 Qc7 7. f4 g6 8. Nf3 Bg7 9. Be2 Nbd7 10. Ne5 Be4 11. O-O e6 12. g4 O-O 13. g5 Ne8 14. Nxe4 dxe4 15. Bg4 Bxe5 16. fxe5 Ng7 17. Qc2 Nxe5 18. dxe5 Qxe5 19. b4 Qxg5 20. Qg2 Nf5 21. Bxf5 Qxg2+ 22. Kxg2 exf5 23. Bb2 Rfd8 24. Rfd1 Kf8 25. Bf6 Rxd1 26. Rxd1 Ke8 27. Rd6 h6 28. h4 h5 29. Kf1 Rc8 30. Ke2 Ra8 31. a4 a6 32. Kd2 Rc8 33. Kc3 Ra8 34. Kc4 Rc8 35. b5 axb5+ 36. axb5 Kf8 37. Rd7 Rb8 38. Be5 cxb5+ 39. Kxb5 Re8 40. Bd6+ Kg8 41. Kb6 f4 42. Bxf4 1-0

[Event "CAN-op"]
[Site "Edmonton CAN"]
[Date "2005.07.11"]
[Round "4"]
[White "Davies, Noam"]
[Black "Blackwell, Ross"]
[Result "1-0"]
[WhiteElo "2008"]
[BlackElo "1476"]
[PlyCount "53"]
[GameId "2160767910901580"]
[EventDate "2005.07.09"]
[EventType "swiss"]
[EventRounds "10"]
[EventCountry "CAN"]
[SourceTitle "CBM 107 Extra"]
[Source "ChessBase"]
[SourceDate "2005.09.01"]
[SourceVersion "1"]
[SourceVersionDate "2005.09.01"]
[SourceQuality "1"]

1. e4 c5 2. Nf3 d6 3. d4 cxd4 4. Nxd4 Nf6 5. Nc3 g6 6. Be3 Bg7 7. f3 Bd7 8. Qd2 Nc6 9. Bc4 Na5 10. Bb3 Rc8 11. O-O-O a6 12. Bh6 O-O 13. h4 Nc4 14. Bxc4 Rxc4 15. Bxg7 Kxg7 16. h5 Rh8 17. g4 h6 18. Rdg1 Qb6 19. Nde2 g5 20. f4 Bxg4 21. fxg5 Nxe4 22. gxh6+ Kf8 23. Nxe4 Rxe4 24. Rxg4 Rxg4 25. Qc3 Rxh6 26. Qc8+ Kg7 27. Qxg4+ 1-0

[Event "CAN-op"]
[Site "Edmonton CAN"]
[Date "2005.07.11"]
[Round "4"]
[White "Day, Jonathan"]
[Black "Conner, Kris"]
[Result "1/2-1/2"]
[WhiteElo "1741"]
[BlackElo "1586"]
[PlyCount "113"]
[GameId "2160767910901581"]
[EventDate "2005.07.09"]
[EventType "swiss"]
[EventRounds "10"]
[EventCountry "CAN"]
[SourceTitle "CBM 107 Extra"]
[Source "ChessBase"]
[SourceDate "2005.09.01"]
[SourceVersion "1"]
[SourceVersionDate "2005.09.01"]
[SourceQuality "1"]

1. e4 c5 2. Nf3 d6 3. Bc4 e6 4. Nc3 Nf6 5. Bb3 a6 6. a4 Nc6 7. d3 g6 8. O-O Bg7 9. h3 O-O 10. Be3 b6 11. Qd2 d5 12. Bg5 d4 13. Ne2 Qd7 14. Bh6 Bb7 15. Ng3 b5 16. Bg5 Rac8 17. Rfe1 Ne7 18. Qf4 Ne8 19. Bh6 Qc7 20. axb5 axb5 21. Qxc7 Rxc7 22. Bf4 Rd7 23. Ng5 e5 24. Bd2 Nd6 25. Ne6 Rc8 26. Nxg7 Kxg7 27. f4 f6 28. fxe5 fxe5 29. Rf1 Nc6 30. c3 c4 31. Bd1 cxd3 32. Bg4 Rdc7 33. Bxc8 Bxc8 34. Bg5 Nc4 35. b3 Ne3 36. Bxe3 dxe3 37. Rfe1 e2 38. Kf2 Rd7 39. Nxe2 dxe2 40. Kxe2 Rd6 41. Red1 Rxd1 42. Rxd1 Kf7 43. b4 Be6 44. Rd6 Bc4+ 45. Kf3 Ne7 46. g4 g5 47. Rh6 Kg7 48. Rd6 h6 49. Rd7 Kf7 50. Kg3 Ke6 51. Rd8 Ng6 52. Rb8 Kf6 53. Rb6+ Kf7 54. Rd6 Kg7 55. Rc6 Nf4 56. Rc5 Kf6 57. Rc6+ 1/2-1/2

[Event "CAN-op"]
[Site "Edmonton CAN"]
[Date "2005.07.11"]
[Round "4"]
[White "Dean, Earl"]
[Black "Taylor, Matthew"]
[Result "1-0"]
[WhiteElo "1296"]
[BlackElo "999"]
[PlyCount "37"]
[GameId "2160767910901582"]
[EventDate "2005.07.09"]
[EventType "swiss"]
[EventRounds "10"]
[EventCountry "CAN"]
[SourceTitle "CBM 107 Extra"]
[Source "ChessBase"]
[SourceDate "2005.09.01"]
[SourceVersion "1"]
[SourceVersionDate "2005.09.01"]
[SourceQuality "1"]

1. e4 e6 2. Nf3 Qf6 3. Nc3 Na6 4. b3 Nb4 5. Bb2 Nc6 6. Rb1 Bc5 7. Nb5 Qd8 8. Bxg7 a5 9. Bxh8 e5 10. Nxe5 Nxe5 11. Bxe5 Bb6 12. Bc4 h5 13. O-O f6 14. Bc3 c6 15. Nd4 Ne7 16. Qxh5+ Ng6 17. Qxg6+ Ke7 18. Nf5+ Kf8 19. Qf7# 1-0

[Event "CAN-op"]
[Site "Edmonton CAN"]
[Date "2005.07.11"]
[Round "4"]
[White "Doubleday, William"]
[Black "Karmali, Hafiz"]
[Result "1/2-1/2"]
[WhiteElo "2069"]
[BlackElo "1867"]
[PlyCount "78"]
[GameId "2160767910901583"]
[EventDate "2005.07.09"]
[EventType "swiss"]
[EventRounds "10"]
[EventCountry "CAN"]
[SourceTitle "CBM 107 Extra"]
[Source "ChessBase"]
[SourceDate "2005.09.01"]
[SourceVersion "1"]
[SourceVersionDate "2005.09.01"]
[SourceQuality "1"]

1. d4 e6 2. c4 f5 3. Nf3 Nf6 4. g3 d5 5. Bg2 c6 6. Nbd2 Bd6 7. Qc2 O-O 8. O-O Ne4 9. Ne1 Nd7 10. Nd3 Qf6 11. e3 Qh6 12. Nf3 g5 13. Nfe5 g4 14. Nxd7 Bxd7 15. f4 gxf3 16. Rxf3 Be8 17. Nf4 Bh5 18. Rf1 Kh8 19. Bd2 Rg8 20. Be1 Rg7 21. Rc1 Rag8 22. Qd3 Be8 23. c5 Bb8 24. Rc2 Qf6 25. Bf3 h5 26. Rg2 h4 27. gxh4 Bxf4 28. exf4 Bh5 29. Rg5 Bxf3 30. Rxf3 Nxg5 31. hxg5 Qg6 32. Qe2 Re8 33. Rc3 Rh7 34. h4 Qh5 35. Qxh5 Rxh5 36. Ra3 a6 37. Rh3 Kg7 38. Kg2 Kf7 39. a4 Kg6 1/2-1/2

[Event "CAN-op"]
[Site "Edmonton CAN"]
[Date "2005.07.11"]
[Round "4"]
[White "Dougherty, Michael"]
[Black "Vincent, Trevor"]
[Result "1-0"]
[WhiteElo "2332"]
[BlackElo "2000"]
[PlyCount "39"]
[GameId "2160767910901584"]
[EventDate "2005.07.09"]
[EventType "swiss"]
[EventRounds "10"]
[EventCountry "CAN"]
[SourceTitle "CBM 107 Extra"]
[Source "ChessBase"]
[SourceDate "2005.09.01"]
[SourceVersion "1"]
[SourceVersionDate "2005.09.01"]
[SourceQuality "1"]

1. Nf3 c5 2. c4 g6 3. g3 Bg7 4. Bg2 Nc6 5. O-O e6 6. Nc3 d6 7. a3 Nge7 8. Rb1 a5 9. d3 O-O 10. Bg5 h6 11. Bd2 e5 12. Ne1 Rb8 13. Nc2 Be6 14. Ne3 Qd7 15. Ned5 f5 16. f4 exf4 17. gxf4 b6 18. Qa4 Rfe8 19. e3 Bf7 20. Nxe7+ 1-0